000 00460nam a2200181Ia 4500
003 GCL
008 140319s9999 xx 000 0 ara d
040 _aGCL /
_cGCL
082 0 4 _a810.8
_bع ك
100 1 _aعادل احمد ثابت
245 1 0 _aكتابات مصرية /
_cعادل احمد ثابت
300 _a87 ص
490 _a
650 0 4 _aالادب العربى
650 0 4 _aالادب
650 0 4 _aالمجموعات
942 _2ddc
_cBK
999 _c42740
_d42740